| Tag |
First Indicator |
Second Indicator |
Subfields |
| LEADER |
00000cam a2200000 i 4500 |
| 001 |
in00001638245 |
| 005 |
20151023081510.0 |
| 008 |
800911s1980 wauaf b 000 0aeng |
| 010 |
|
|
|a 79056367
|
| 019 |
|
|
|a 6791223
|a 10615206
|
| 020 |
|
|
|a 0295957077
|
| 035 |
|
|
|a (OCoLC)ocm06250220
|
| 040 |
|
|
|a DLC
|c DLC
|d TXA
|d UtOrBLW
|
| 043 |
|
|
|a n-usw--
|a n-cn---
|
| 049 |
|
|
|a TXAM
|
| 050 |
0 |
0 |
|a QK31.D6
|b A32 1980
|
| 082 |
0 |
0 |
|a 917/.044
|2 19
|
| 100 |
1 |
|
|a Douglas, David,
|d 1799-1834.
|
| 245 |
1 |
0 |
|a Douglas of the forests :
|b the North American journals of David Douglas /
|c John Davies.
|
| 264 |
|
1 |
|a Seattle :
|b University of Washington Press,
|c 1980.
|
| 300 |
|
|
|a 188 pages, 6 unnumbered pages, 9 unnumbered leaves of plates :
|b illustrations ;
|c 23 cm.
|
| 336 |
|
|
|a text
|b txt
|2 rdacontent
|
| 337 |
|
|
|a unmediated
|b n
|2 rdamedia
|
| 338 |
|
|
|a volume
|b nc
|2 rdacarrier
|
| 504 |
|
|
|a Bibliography: page [189].
|
| 536 |
|
|
|a From the Books of Jack and Polly Kent, September 2001.
|
| 600 |
1 |
0 |
|a Douglas, David,
|d 1799-1834
|x Diaries.
|
| 650 |
|
0 |
|a Botanists
|z Scotland
|x Diaries.
|
| 650 |
|
0 |
|a Botany
|z Northwest, Pacific
|x History
|y 19th century
|x Sources.
|
| 650 |
|
0 |
|a Botany
|z Canada
|x History
|y 19th century
|x Sources.
|
| 650 |
|
0 |
|a Scientific expeditions
|z Northwest, Pacific
|x History
|y 19th century
|x Sources.
|
| 650 |
|
0 |
|a Scientific expeditions
|z Canada
|x History
|y 19th century
|x Sources.
|
| 651 |
|
0 |
|a Northwest, Pacific
|x Description and travel.
|
| 651 |
|
0 |
|a Canada
|x Description and travel.
|
| 700 |
1 |
|
|a Davies, John,
|d 1923-
|
| 948 |
|
|
|a cataloged
|b h
|c 2001/10/4
|d c
|e cmulkey
|f 10:03:55 am
|
| 994 |
|
|
|a E0
|b TXA
|
| 999 |
|
|
|a MARS
|
| 999 |
f |
f |
|s 9b05cd70-b796-3198-9949-5fc40bff9430
|i 2ebc340f-bda4-3b01-9956-75bfa8190448
|t 0
|
| 952 |
f |
f |
|p ric
|a Texas A&M University
|b Rellis Campus
|c Joint Library Facility
|d Remote Storage
|t 0
|e QK31.D6 A32 1980
|h Library of Congress classification
|i unmediated -- volume
|m A14828145025
|
| 998 |
f |
f |
|a QK31.D6 A32 1980
|t 0
|l Remote Storage
|